000 00763nam a2200229 a 4500
005 20250624063849.0
008 070524s2005 mx r 000 0 spa d
020 _a8449317762
035 _aUPN01000150398
049 _aCG
050 4 _aGR550
_bK3.3
100 1 _aKast, Verena,
_d1943-
245 1 0 _aCuentos de hombres y mujeres :
_buna interpretación psicológica /
_cVerena Kast ; tr. Héctor Piquer.
260 _aBarcelona, Esp. :
_bPaidós,
_c2005.
300 _a139 p.
440 0 _aPaidós saberes cotidianos ;
_v54
534 _pTítulo original:
_tMann und frau im märchen
650 4 _aCuentos de hadas
_xHistoria y crítica
_94392
650 4 _aPSICOANALISIS Y LITERATURA
_97084
650 4 _aRelaciones interpersonales
_91551
905 _aLibro
999 _c122539
_d122539